[Event "SV Castrop-Rauxel 1 - SG Bochum 2"]
[Site "NRW-Klasse, Gruppe 1 2012/201"]
[Date "2012.09.16"]
[Round "1.8"]
[White "Friedl, Thomas"]
[Black "Tkachuk, Sergij"]
[Result "0-1"]
[WhiteElo "2088"]
[BlackElo "2156"]
[PlyCount "124"]
[EventDate "2012.??.??"]
[WhiteTeam "SV Castrop-Rauxel 1"]
[BlackTeam "SG Bochum 2"]

1. d4 d5 2. Nc3 Nf6 3. Bg5 e6 4. e4 dxe4 5. Nxe4 Be7 6. Nxf6+ Bxf6 7. Bxf6 Qxf6
8. c3 O-O 9. Qf3 Nd7 10. Bb5 c6 11. Bd3 Qxf3 12. Nxf3 c5 13. O-O cxd4 14. Nxd4
Nc5 15. Bc2 e5 16. Nb3 Na4 17. Nd2 Bd7 18. Bxa4 Bxa4 19. b3 Bc6 20. Rad1 Rfd8
21. Rfe1 f6 22. Nc4 Kf7 23. f3 Ke6 24. Kf2 Rac8 25. Ne3 b5 26. Rxd8 Rxd8 27.
Rd1 Rc8 28. Rd2 f5 29. g3 Bb7 30. Nd1 g5 31. Ke3 h5 32. f4 gxf4+ 33. gxf4 Be4
34. Rb2 h4 35. a4 bxa4 36. bxa4 Bc6 37. Rb4 e4 38. a5 Rg8 39. Rd4 Rg1 40. Rd2
Rf1 41. Nf2 Ra1 42. Nh3 Rxa5 43. Ng5+ Ke7 44. c4 Ra3+ 45. Kd4 a5 46. Ke5 Bd7
47. Rc2 Rd3 48. Nh7 Rd6 49. Rg2 Re6+ 50. Kd4 e3 51. Re2 Re4+ 52. Kd3 Be6 53.
Rxe3 Bxc4+ 54. Kd2 Rxe3 55. Kxe3 a4 56. Kd4 a3 57. Kc3 Bd5 58. Kc2 Kf7 59. h3
Kg7 60. Ng5 Kg6 61. Kc3 Kh5 62. Kc2 Bg2 0-1

[Event "SV Dinslaken 1 - Bielefelder SK 1"]
[Site "NRW-Klasse, Gruppe 1 2012/201"]
[Date "2012.10.21"]
[Round "2.1"]
[White "Forchert, Martin"]
[Black "Trella, Thomas"]
[Result "1/2-1/2"]
[WhiteElo "2261"]
[BlackElo "2373"]
[PlyCount "44"]
[EventDate "2012.??.??"]
[WhiteTeam "Bielefelder SK 1"]
[BlackTeam "SV Dinslaken 1"]

1. e4 e6 2. d4 d5 3. Nd2 c5 4. Ngf3 Nf6 5. exd5 exd5 6. Bb5+ Bd7 7. Bxd7+ Nbxd7
8. O-O Be7 9. dxc5 Nxc5 10. Nb3 Nce4 11. Nfd4 Qd7 12. f3 Nd6 13. Nc5 Qc7 14.
Nd3 O-O 15. b3 Rac8 16. Re1 Rfe8 17. Be3 Qc3 18. Bf2 a6 19. a4 Bd8 20. Rxe8+
Ndxe8 21. Qe1 Ba5 22. Qxc3 Bxc3 1/2-1/2

[Event "SV Dinslaken 1 - Bielefelder SK 1"]
[Site "NRW-Klasse, Gruppe 1 2012/201"]
[Date "2012.10.21"]
[Round "2.2"]
[White "Sielecki, Christof"]
[Black "Gruen, Gerd-Peter"]
[Result "1-0"]
[WhiteElo "2390"]
[BlackElo "2297"]
[PlyCount "111"]
[EventDate "2012.??.??"]
[WhiteTeam "SV Dinslaken 1"]
[BlackTeam "Bielefelder SK 1"]

1. Nf3 Nf6 2. g3 d5 3. Bg2 Bf5 4. c4 e6 5. O-O c6 6. cxd5 exd5 7. d3 Be7 8. Qb3
Qb6 9. Qc2 O-O 10. Nc3 Nbd7 11. e4 Bg4 12. h3 Bxf3 13. Bxf3 Rfd8 14. Bg2 dxe4
15. dxe4 Nc5 16. Be3 Qc7 17. Rad1 Rxd1 18. Rxd1 Rd8 19. Rxd8+ Qxd8 20. e5 Ne8
21. f4 Qd3 22. Qf2 Ne6 23. Kh2 a6 24. f5 N6c7 25. Ne4 Nd5 26. Bd4 Nec7 27. f6
gxf6 28. exf6 Bf8 29. Ng5 Bh6 30. Be4 Qd1 31. Bxh7+ Kf8 32. Bc5+ Ke8 33. Bc2
Qh5 34. Ne4 Ne6 35. Nd6+ Kd7 36. Nxb7 Kc7 37. Bf5 Nxc5 38. Nxc5 Be3 39. Nxa6+
Kb6 40. Qf1 Qg5 41. Nb8 Kc7 42. Nd7 Ba7 43. h4 Qd2+ 44. Kh3 Bf2 45. Qc4 Qe3 46.
Qg4 Be1 47. Be4 Ba5 48. Bxd5 cxd5 49. b4 Bb6 50. Qf5 d4 51. Ne5 Kb8 52. Nd7+
Kc7 53. Ne5 Kb8 54. Nc4 Qe2 55. Nxb6 d3 56. Nc4 1-0

[Event "SV Dinslaken 1 - Bielefelder SK 1"]
[Site "NRW-Klasse, Gruppe 1 2012/201"]
[Date "2012.10.21"]
[Round "2.3"]
[White "Goeßling, Guido"]
[Black "Kern, Guido"]
[Result "1/2-1/2"]
[WhiteElo "2144"]
[BlackElo "2308"]
[PlyCount "102"]
[EventDate "2012.??.??"]
[WhiteTeam "Bielefelder SK 1"]
[BlackTeam "SV Dinslaken 1"]

1. e4 e6 2. d4 d5 3. Nc3 Nf6 4. e5 Nfd7 5. f4 c5 6. Nf3 Nc6 7. Be3 Be7 8. Qd2
O-O 9. Be2 b6 10. O-O f5 11. dxc5 Nxc5 12. Rad1 Bb7 13. Nd4 Nxd4 14. Bxd4 Rc8
15. Qe3 Qc7 16. Rd2 Ba6 17. Bxa6 Nxa6 18. g4 Bb4 19. Rg2 Bxc3 20. Bxc3 Nc5 21.
Bb4 Rf7 22. Bxc5 Qxc5 23. Qxc5 Rxc5 24. g5 Rfc7 25. c3 Ra5 26. a3 Ra4 27. Rf3
Re4 28. Kf2 a5 29. Rg1 Rcc4 30. b3 Rc7 31. h4 a4 32. Rb1 Rc6 33. h5 Kf8 34. Kg3
Ke8 35. Rd3 Kd7 36. c4 d4 37. bxa4 Kc7 38. Rb4 Rc5 39. Kf3 Ra5 40. Rdb3 Ra6 41.
a5 Rxa5 42. Rxb6 Re3+ 43. Kf2 Rxb3 44. Rxb3 Ra4 45. Ke2 Rxc4 46. Kd3 Ra4 47.
Rb4 Rxa3+ 48. Kxd4 Rf3 49. Kc5 Rc3+ 50. Kd4 Rf3 51. Kc5 Rc3+ 1/2-1/2

[Event "SV Dinslaken 1 - Bielefelder SK 1"]
[Site "NRW-Klasse, Gruppe 1 2012/201"]
[Date "2012.10.21"]
[Round "2.4"]
[White "Mundorf, Johannes"]
[Black "Wagenknecht, Uwe"]
[Result "1/2-1/2"]
[WhiteElo "2156"]
[BlackElo "2175"]
[PlyCount "99"]
[EventDate "2012.??.??"]
[WhiteTeam "SV Dinslaken 1"]
[BlackTeam "Bielefelder SK 1"]

1. Nf3 c5 2. c4 Nc6 3. g3 g6 4. Bg2 Bg7 5. Nc3 d6 6. O-O Bd7 7. a3 Rb8 8. Rb1
a6 9. b4 cxb4 10. axb4 b5 11. cxb5 axb5 12. d4 Bg4 13. Be3 Qd7 14. d5 Bxf3 15.
Bxf3 Ne5 16. Bg2 Nh6 17. f4 Nf5 18. Bh3 Qc7 19. Bxf5 Qxc3 20. Rb3 Qc7 21. fxe5
gxf5 22. exd6 Qxd6 23. Bc5 Qd7 24. Re3 Bf6 25. Ref3 e6 26. e4 Rd8 27. Qe2 Rg8
28. exf5 e5 29. Ra3 Qxd5 30. Qxb5+ Qd7 31. Qb6 Be7 32. Bxe7 Qxe7 33. Re1 f6 34.
Ra7 Qd6 35. Qxd6 Rxd6 36. Rxh7 Rd7 37. Rxd7 Kxd7 38. Re4 Kc6 39. Kf2 Kd5 40.
Kf3 Ra8 41. h4 Ra3+ 42. Re3 e4+ 43. Kf2 Ra4 44. h5 Rxb4 45. Ra3 Kd4 46. h6 Rb2+
47. Ke1 Rh2 48. Ra4+ Ke3 49. Ra3+ Kd4 50. Ra4+ 1/2-1/2

[Event "SV Dinslaken 1 - Bielefelder SK 1"]
[Site "NRW-Klasse, Gruppe 1 2012/201"]
[Date "2012.10.21"]
[Round "2.5"]
[White "Simon, Hans Christian"]
[Black "Cebulla, Konstantin"]
[Result "1/2-1/2"]
[WhiteElo "2129"]
[BlackElo "2122"]
[PlyCount "41"]
[EventDate "2012.??.??"]
[WhiteTeam "Bielefelder SK 1"]
[BlackTeam "SV Dinslaken 1"]

1. d4 d5 2. Nf3 Nf6 3. c4 e6 4. g3 dxc4 5. Qa4+ c6 6. Qxc4 b5 7. Qb3 Bb7 8. Bg2
Nbd7 9. O-O Qb6 10. a4 a6 11. Bd2 c5 12. axb5 cxd4 13. Ba5 Qxb5 14. Qxb5 axb5
15. Nxd4 Bxg2 16. Kxg2 Bb4 17. Nb3 Bxa5 18. Rxa5 Rxa5 19. Nxa5 Ke7 20. Na3 Rc8
21. Rd1 1/2-1/2

[Event "SV Dinslaken 1 - Bielefelder SK 1"]
[Site "NRW-Klasse, Gruppe 1 2012/201"]
[Date "2012.10.21"]
[Round "2.6"]
[White "Neuer, Thomas"]
[Black "Gruettemeier, Uwe"]
[Result "1-0"]
[WhiteElo "2038"]
[BlackElo "2092"]
[PlyCount "88"]
[EventDate "2012.??.??"]
[WhiteTeam "SV Dinslaken 1"]
[BlackTeam "Bielefelder SK 1"]

1. Nf3 c6 2. g3 d5 3. Bg2 Nf6 4. O-O h6 5. d3 Bf5 6. c4 e6 7. Be3 Nbd7 8. Qb3
Qc7 9. cxd5 exd5 10. Rc1 Bd6 11. Nd4 Bg4 12. Nb5 Qb8 13. Nxd6+ Qxd6 14. Bf4 Qe7
15. Qxb7 O-O 16. Nc3 g5 17. Be3 Qd6 18. Bxa7 Rfc8 19. e4 d4 20. Nb5 Qb4 21.
Rxc6 Re8 22. Rc7 Ne5 23. Nxd4 Qd2 24. Qb3 Rac8 25. Qc2 Qxc2 26. Rxc2 Nxd3 27.
f3 Ra8 28. Bc5 Bc8 29. b4 Ba6 30. b5 Bb7 31. Nf5 Rac8 32. Ne7+ Rxe7 33. Bxe7
Rxc2 34. Bxf6 Nc5 35. a4 Nb3 36. Rb1 Na5 37. Rb2 Rc4 38. Ra2 Bc8 39. Bf1 Rc1
40. Kf2 Be6 41. Rd2 Bb3 42. Rd8+ Kh7 43. Bd3 Kg6 44. e5+ Kh5 1-0

[Event "SV Dinslaken 1 - Bielefelder SK 1"]
[Site "NRW-Klasse, Gruppe 1 2012/201"]
[Date "2012.10.21"]
[Round "2.7"]
[White "Danielmeier, Ralf"]
[Black "Ossig, Rainer"]
[Result "0-1"]
[WhiteElo "2080"]
[BlackElo "2068"]
[PlyCount "124"]
[EventDate "2012.??.??"]
[WhiteTeam "Bielefelder SK 1"]
[BlackTeam "SV Dinslaken 1"]

1. e4 e6 2. d3 c5 3. Nf3 Nc6 4. g3 Nge7 5. Bg2 g6 6. Be3 Bg7 7. Qc1 d6 8. Bh6
O-O 9. h4 f6 10. Bxg7 Kxg7 11. Nbd2 e5 12. O-O Be6 13. c3 b5 14. Rd1 Qb6 15.
Nf1 Rac8 16. Qe3 d5 17. exd5 Bxd5 18. Qe2 Rcd8 19. Ne3 Be6 20. Nd2 Rd7 21. Ne4
Nd5 22. Nxd5 Bxd5 23. Qe3 Bxe4 24. Bxe4 Ne7 25. Rd2 Rfd8 26. Rad1 Nd5 27. Bxd5
Rxd5 28. a3 Qd6 29. Kg2 Rd7 30. h5 g5 31. h6+ Kg8 32. Qe4 Qe6 33. g4 Qf7 34.
Qf5 R5d6 35. Qe4 Qd5 36. Kf3 Kf7 37. Qxd5+ Rxd5 38. Ke4 Kg6 39. Rh1 R5d6 40.
Rh3 Re7 41. b3 b4 42. axb4 cxb4 43. c4 Red7 44. f3 Rd4+ 45. Ke3 R7d6 46. Rhh2
Kf7 47. Rhf2 Ke7 48. Rf1 Ra6 49. Rc2 Ra3 50. Rb1 Kd6 51. Re2 Kc5 52. Kd2 a5 53.
Re4 Rd8 54. Kc2 Ra2+ 55. Rb2 Rxb2+ 56. Kxb2 Rxd3 57. f4 Rd4 58. Rxd4 Kxd4 59.
fxg5 fxg5 60. Kc2 a4 61. bxa4 Kxc4 62. Kb2 e4 0-1

[Event "SV Dinslaken 1 - Bielefelder SK 1"]
[Site "NRW-Klasse, Gruppe 1 2012/201"]
[Date "2012.10.21"]
[Round "2.8"]
[White "Walter, Andreas"]
[Black "Burg, Michael"]
[Result "1-0"]
[WhiteElo "1996"]
[BlackElo "1923"]
[PlyCount "65"]
[EventDate "2012.??.??"]
[WhiteTeam "SV Dinslaken 1"]
[BlackTeam "Bielefelder SK 1"]

1. Nf3 d5 2. d4 Nf6 3. c4 c6 4. Qb3 dxc4 5. Qxc4 b5 6. Qc2 g6 7. Nbd2 Bg7 8. g3
Qa5 9. Bg2 Bf5 10. Qd1 O-O 11. O-O Rd8 12. Nb3 Qb6 13. Bd2 a5 14. a4 b4 15. Ne5
Ne4 16. Bf4 Rd5 17. g4 f6 18. Nc4 Qa6 19. Ne3 e5 20. Nxd5 cxd5 21. dxe5 Be6 22.
Bxe4 dxe4 23. Qd8+ Kf7 24. Qc7+ Nd7 25. Nc5 Qxe2 26. Rfd1 Qxg4+ 27. Bg3 Ke8 28.
Qc6 Ke7 29. Qd6+ Kf7 30. Nxe6 Nxe5 31. Nxg7 Nf3+ 32. Kh1 Kxg7 33. Qd7+ 1-0

[Event "SV Letmathe 1 - SG Bochum 2"]
[Site "NRW-Klasse, Gruppe 1 2012/201"]
[Date "2012.10.21"]
[Round "2.1"]
[White "Dahm, Jochen"]
[Black "Podzielny, Karl-Heinz"]
[Result "0-1"]
[WhiteElo "2297"]
[BlackElo "2346"]
[PlyCount "72"]
[EventDate "2012.??.??"]
[WhiteTeam "SG Bochum 2"]
[BlackTeam "SV Letmathe 1"]

1. e4 c5 2. Nf3 e6 3. d4 cxd4 4. Nxd4 a6 5. Nc3 Qc7 6. g3 Bb4 7. Bd2 Nf6 8. Qe2
Nc6 9. Nb3 Be7 10. f4 d6 11. Bg2 b5 12. O-O b4 13. Nd1 a5 14. c4 bxc3 15. Bxc3
Ba6 16. Qf3 a4 17. Nd2 Bxf1 18. Bxf1 O-O 19. g4 d5 20. g5 dxe4 21. Nxe4 Nd5 22.
f5 Ne5 23. Qg3 Nxc3 24. Ndxc3 exf5 25. Nd5 Qa7+ 26. Kh1 Ng6 27. Nef6+ gxf6 28.
gxf6 Bc5 29. Rd1 Rfd8 30. Bg2 Rab8 31. Qg5 Rxb2 32. Re1 Rxg2 33. Qxg2 Qa5 34.
Rd1 Kh8 35. Rd3 Bf8 36. Qf3 Ne5 0-1

[Event "SV Letmathe 1 - SG Bochum 2"]
[Site "NRW-Klasse, Gruppe 1 2012/201"]
[Date "2012.10.21"]
[Round "2.2"]
[White "Adamski, Jan"]
[Black "Tkachuk, Konstantyn"]
[Result "1/2-1/2"]
[WhiteElo "2299"]
[BlackElo "2236"]
[PlyCount "39"]
[EventDate "2012.??.??"]
[WhiteTeam "SV Letmathe 1"]
[BlackTeam "SG Bochum 2"]

1. c4 g6 2. Nc3 Bg7 3. g3 d6 4. Bg2 e5 5. d3 f5 6. e4 Nf6 7. Nge2 c6 8. O-O O-O
9. h3 Be6 10. b3 Qd7 11. Kh2 d5 12. exd5 cxd5 13. Bg5 dxc4 14. bxc4 Nc6 15. Rb1
b6 16. Bxf6 Bxf6 17. Nd5 Bg7 18. f4 Rad8 19. Qa4 Ne7 20. Qxd7 1/2-1/2

[Event "SV Letmathe 1 - SG Bochum 2"]
[Site "NRW-Klasse, Gruppe 1 2012/201"]
[Date "2012.10.21"]
[Round "2.3"]
[White "Kitte, Sebastian"]
[Black "Oswald, Hans-Joachim"]
[Result "1/2-1/2"]
[WhiteElo "2244"]
[BlackElo "2210"]
[PlyCount "37"]
[EventDate "2012.??.??"]
[WhiteTeam "SG Bochum 2"]
[BlackTeam "SV Letmathe 1"]

1. d4 Nf6 2. c4 c5 3. d5 b5 4. cxb5 a6 5. bxa6 g6 6. Nc3 Bxa6 7. Nf3 d6 8. g3
Nbd7 9. Rb1 Bg7 10. Bg2 Nb6 11. b3 Bb7 12. Nh4 O-O 13. O-O Ne8 14. Qc2 Nc7 15.
e4 Qd7 16. a4 Na6 17. Nb5 Nb4 18. Qe2 Ba6 19. Bb2 1/2-1/2

[Event "SV Letmathe 1 - SG Bochum 2"]
[Site "NRW-Klasse, Gruppe 1 2012/201"]
[Date "2012.10.21"]
[Round "2.4"]
[White "Soukup, Jiri"]
[Black "Kahleys, Kevin"]
[Result "1-0"]
[WhiteElo "2278"]
[BlackElo "2181"]
[PlyCount "115"]
[EventDate "2012.??.??"]
[WhiteTeam "SV Letmathe 1"]
[BlackTeam "SG Bochum 2"]

1. e4 e6 2. f4 d5 3. e5 c5 4. Nf3 Nc6 5. c3 Nge7 6. Be2 Nf5 7. Na3 Bd7 8. Nc2
Rc8 9. d3 b5 10. O-O Be7 11. g4 Nh4 12. Be3 Qb6 13. Qe1 Nxf3+ 14. Rxf3 d4 15.
Bf2 b4 16. cxb4 cxb4 17. Rc1 Bc5 18. Na1 Na5 19. f5 exf5 20. gxf5 Bxf5 21. Rxc5
Rxc5 22. Bxd4 Rc1 23. Qxc1 Qxd4+ 24. Kf1 Be6 25. Qc7 Qb6 26. Qxb6 axb6 27. b3
Ke7 28. Nc2 Nc6 29. Rf4 Ra8 30. Nxb4 Nxe5 31. d4 Ng6 32. Rf3 f6 33. Rc3 Bd7 34.
Rc7 Kd6 35. Rb7 Nf4 36. Rxb6+ Kc7 37. Ra6 Rb8 38. Ra7+ Kd6 39. Na6 Rg8 40. Bc4
Rf8 41. Nc5 Bh3+ 42. Kf2 g5 43. b4 Bf5 44. Ra6+ Kc7 45. b5 Bc8 46. Rc6+ Kb8 47.
d5 Rd8 48. d6 h5 49. a4 h4 50. a5 g4 51. a6 g3+ 52. hxg3 Nh3+ 53. Kg2 hxg3 54.
b6 Nf4+ 55. Kxg3 Ne2+ 56. Bxe2 Bb7 57. axb7 Rg8+ 58. Kf2 1-0

[Event "SV Letmathe 1 - SG Bochum 2"]
[Site "NRW-Klasse, Gruppe 1 2012/201"]
[Date "2012.10.21"]
[Round "2.5"]
[White "Schlawin, Marlon"]
[Black "Gruermann, Martin"]
[Result "1/2-1/2"]
[WhiteElo "2211"]
[BlackElo "2144"]
[Annotator "Doe,John"]
[PlyCount "129"]
[EventDate "2012.??.??"]
[WhiteTeam "SG Bochum 2"]
[BlackTeam "SV Letmathe 1"]

1. e4 Nf6 2. Nc3 d5 3. exd5 Nxd5 4. Bc4 Nb6 5. Bb3 Nc6 6. Qf3 e6 7. Nge2 Be7 8.
a3 O-O 9. d3 Nd7 10. Be3 Nc5 11. Ba2 e5 12. Nd5 Bd6 13. O-O Ne6 14. c3 Ne7 15.
Nxe7+ Qxe7 16. Rfe1 Nc5 17. Bd2 e4 18. dxe4 Qxe4 19. Qxe4 Nxe4 $11 20. Be3 Re8
21. Nd4 Bd7 22. Bc4 a6 23. Bd3 g6 24. f3 Nc5 25. Bc4 Ne6 26. Kf2 Be5 27. Rad1
Nxd4 28. Bxd4 Bxd4+ 29. Rxd4 Rxe1 30. Kxe1 Re8+ 31. Kf2 Bc6 32. Rf4 Re7 33. g4
Kf8 34. g5 Bd7 35. Rf6 Bf5 36. h4 Kg7 37. h5 h6 38. f4 Be4 39. Kg3 hxg5 40.
fxg5 gxh5 41. Be2 Bg6 42. Bf3 c6 43. Rf4 Rd7 44. Kh4 Rd6 45. Bxh5 Bxh5 46. Kxh5
Rd2 47. Rb4 b5 48. a4 Rh2+ 49. Kg4 c5 50. Rb3 bxa4 51. Rb6 Rg2+ 52. Kf4 Rf2+
53. Kg4 Kf8 54. Rxa6 Rxb2 55. Rxa4 $11 Ke7 56. Kf5 Rf2+ 57. Ke5 Re2+ 58. Re4
Rd2 59. c4 Kf8 60. Kf5 Rc2 61. Ke5 Rd2 62. Kf5 Rc2 63. Kf6 Rf2+ 64. Ke5 Rd2 65.
Kf6 1/2-1/2

[Event "SV Letmathe 1 - SG Bochum 2"]
[Site "NRW-Klasse, Gruppe 1 2012/201"]
[Date "2012.10.21"]
[Round "2.6"]
[White "Haude, Ruediger"]
[Black "Mazarov, Juergen"]
[Result "1/2-1/2"]
[WhiteElo "2069"]
[BlackElo "2142"]
[PlyCount "89"]
[EventDate "2012.??.??"]
[WhiteTeam "SV Letmathe 1"]
[BlackTeam "SG Bochum 2"]

1. Nf3 d5 2. g3 c5 3. Bg2 Nc6 4. d4 Nf6 5. O-O e6 6. c4 dxc4 7. Qa4 cxd4 8.
Nxd4 Qxd4 9. Bxc6+ bxc6 10. Qxc6+ Qd7 11. Qxa8 Bc5 12. Nc3 O-O 13. Qf3 Bb7 14.
e4 Bb4 15. Qd1 Bxc3 16. Qxd7 Nxd7 17. bxc3 Bxe4 18. Be3 a6 19. f4 Nf6 20. Bd4
Nd5 21. Rae1 Bf5 22. Kg2 Rb8 23. Rf2 Rb5 24. Ree2 h5 25. Rb2 Ra5 26. a4 Rxa4
27. Ra2 Rxa2 28. Rxa2 Nc7 29. Be5 Nb5 30. Rxa6 f6 31. Ra5 Be4+ 32. Kf2 Bc6 33.
Bd4 Nxd4 34. cxd4 g6 35. Rc5 Bd5 36. Rc7 Kf8 37. Ke3 Kg8 38. Kf2 Kf8 39. h3 Ke8
40. Ke3 Bg2 41. Rxc4 Bxh3 42. Rc7 Bf5 43. Kd2 Kf8 44. Ra7 Kg8 45. Ke3 1/2-1/2

[Event "SV Letmathe 1 - SG Bochum 2"]
[Site "NRW-Klasse, Gruppe 1 2012/201"]
[Date "2012.10.21"]
[Round "2.7"]
[White "Hobusch, Jan"]
[Black "Hunold, Rolf"]
[Result "1-0"]
[WhiteElo "2042"]
[BlackElo "1991"]
[PlyCount "77"]
[EventDate "2012.??.??"]
[WhiteTeam "SG Bochum 2"]
[BlackTeam "SV Letmathe 1"]

1. e4 c5 2. Nf3 e6 3. d4 cxd4 4. Nxd4 a6 5. Nc3 Qc7 6. Bd3 Nf6 7. Qe2 d6 8. Bg5
Be7 9. O-O-O Nbd7 10. f4 b5 11. Bxf6 gxf6 12. f5 Nb6 13. fxe6 fxe6 14. Qh5+ Kd8
15. Qf7 b4 16. Nce2 e5 17. Ne6+ Bxe6 18. Qxe6 Rc8 19. Ng3 Na4 20. Nf5 Nc5 21.
Qd5 Qc6 22. Bc4 Qxd5 23. Bxd5 Bf8 24. Rhf1 Kc7 25. Rf3 h5 26. Rdf1 h4 27. Kd1
Rh5 28. R1f2 Rg5 29. Rh3 Na4 30. Kc1 Rg4 31. Rxh4 Rxh4 32. Nxh4 Bh6+ 33. Kb1
Be3 34. Rxf6 Bd4 35. Nf5 Bxb2 36. Bb3 Nc3+ 37. Kxb2 Nxe4 38. Rf7+ Kc6 39. Ne7+
1-0

[Event "SV Letmathe 1 - SG Bochum 2"]
[Site "NRW-Klasse, Gruppe 1 2012/201"]
[Date "2012.10.21"]
[Round "2.8"]
[White "Tomiczny, Darius"]
[Black "Tkachuk, Sergij"]
[Result "0-1"]
[WhiteElo "2047"]
[BlackElo "2156"]
[PlyCount "84"]
[EventDate "2012.??.??"]
[WhiteTeam "SV Letmathe 1"]
[BlackTeam "SG Bochum 2"]

1. d4 Nf6 2. Nf3 g6 3. Bf4 Nh5 4. Bg5 h6 5. Bh4 g5 6. Bg3 Nxg3 7. hxg3 Bg7 8.
c3 d6 9. e4 e5 10. dxe5 dxe5 11. Qc2 Be6 12. Nbd2 Nd7 13. b4 Qe7 14. Bc4 O-O
15. Qb3 Rae8 16. Bxe6 Qxe6 17. Nc4 f5 18. exf5 Rxf5 19. Ne3 Rf7 20. g4 Nf6 21.
Qxe6 Rxe6 22. Rd1 Ne4 23. Nf5 Nd6 24. Nxg7 Kxg7 25. Nd2 e4 26. Nb3 Rf4 27. Nd4
Re8 28. Nf5+ Nxf5 29. gxf5 Re7 30. Rd5 Rf7 31. Ke2 R4xf5 32. Rxf5 Rxf5 33. Ke3
Rf6 34. a4 Rc6 35. Kd4 Kg6 36. b5 Rf6 37. Ke3 Kf5 38. Rd1 Rd6 39. Rd4 Rxd4 40.
cxd4 h5 41. f3 exf3 42. Kxf3 h4 0-1

[Event "LSV Turm Lippstadt 1 - Langenfelder SF "]
[Site "NRW-Klasse, Gruppe 1 2012/201"]
[Date "2012.10.21"]
[Round "2.1"]
[White "Weber, Peter"]
[Black "Wehmeier, Stefan"]
[Result "0-1"]
[WhiteElo "2189"]
[BlackElo "2388"]
[PlyCount "44"]
[EventDate "2012.??.??"]
[WhiteTeam "Langenfelder SF 1"]
[BlackTeam "LSV Turm Lippstadt 1"]

1. e4 e5 2. f4 exf4 3. Bc4 Nf6 4. Nc3 c6 5. Bb3 d5 6. exd5 Nxd5 7. Nf3 Be6 8.
Ne4 Be7 9. c4 Nf6 10. Neg5 Bf5 11. d4 h6 12. Nh3 g5 13. O-O Nbd7 14. Nf2 O-O
15. Nd3 c5 16. d5 Ne4 17. Bc2 Bf6 18. g3 fxg3 19. Kg2 gxh2 20. Nxh2 Nd6 21. Ng4
Bg7 22. Ne3 Be4+ 0-1

[Event "LSV Turm Lippstadt 1 - Langenfelder SF "]
[Site "NRW-Klasse, Gruppe 1 2012/201"]
[Date "2012.10.21"]
[Round "2.2"]
[White "Matthias, Heiner"]
[Black "Homuth, Wolfgang"]
[Result "1/2-1/2"]
[WhiteElo "2320"]
[BlackElo "2197"]
[PlyCount "86"]
[EventDate "2012.??.??"]
[WhiteTeam "LSV Turm Lippstadt 1"]
[BlackTeam "Langenfelder SF 1"]

1. d4 d6 2. c4 e5 3. Nf3 e4 4. Nfd2 f5 5. Nc3 Nf6 6. e3 c6 7. b4 g6 8. Nb3 Bh6
9. g3 O-O 10. a4 Na6 11. Ba3 Nc7 12. b5 Rf7 13. Bb4 d5 14. c5 Ne6 15. h4 Ng4
16. Qe2 Bd7 17. Bh3 Qf6 18. Rb1 Bf8 19. Na5 Be8 20. Rb2 h5 21. Kf1 g5 22. hxg5
Qxg5 23. bxc6 bxc6 24. Qd2 Bh6 25. Ne2 Rg7 26. Bc3 Qg6 27. Nf4 Nxf4 28. exf4 e3
29. fxe3 Re7 30. Bxg4 fxg4 31. Rh2 Qe4 32. Qe2 Qxe3 33. Bd2 Qe4 34. Qxe4 Rxe4
35. Re2 Rxd4 36. Re6 Bg7 37. Nxc6 Rd3 38. Ne5 Bxe5 39. fxe5 Bxa4 40. Rg6+ Kh7
41. Rh6+ Kg8 42. Rg6+ Kh7 43. Rh6+ Kg8 1/2-1/2

[Event "LSV Turm Lippstadt 1 - Langenfelder SF "]
[Site "NRW-Klasse, Gruppe 1 2012/201"]
[Date "2012.10.21"]
[Round "2.3"]
[White "Reinemer, Frank"]
[Black "Jesse, Ingemars"]
[Result "0-1"]
[WhiteElo "2177"]
[BlackElo "2289"]
[PlyCount "56"]
[EventDate "2012.??.??"]
[WhiteTeam "Langenfelder SF 1"]
[BlackTeam "LSV Turm Lippstadt 1"]

1. d4 Nf6 2. c4 g6 3. Nc3 Bg7 4. e4 O-O 5. f4 c6 6. e5 Ne8 7. Nf3 d6 8. Be2 a6
9. O-O b5 10. b3 Bg4 11. Be3 Nd7 12. Ng5 Bxe2 13. Qxe2 Nc7 14. Rad1 f6 15. Nf3
Qe8 16. Bf2 fxe5 17. fxe5 dxe5 18. Bg3 Ne6 19. Nxe5 Rxf1+ 20. Kxf1 Nxe5 21.
dxe5 Rd8 22. cxb5 axb5 23. Qg4 Rxd1+ 24. Qxd1 Qf7+ 25. Kg1 Qf5 26. Qd7 Bxe5 27.
Qc8+ Kf7 28. Qxc6 Bd4+ 0-1

[Event "LSV Turm Lippstadt 1 - Langenfelder SF "]
[Site "NRW-Klasse, Gruppe 1 2012/201"]
[Date "2012.10.21"]
[Round "2.4"]
[White "Fecke, Andreas"]
[Black "Huelsmann, Josef"]
[Result "1-0"]
[WhiteElo "2108"]
[BlackElo "2128"]
[PlyCount "111"]
[EventDate "2012.??.??"]
[WhiteTeam "LSV Turm Lippstadt 1"]
[BlackTeam "Langenfelder SF 1"]

1. e4 e6 2. d3 d5 3. Nd2 Nf6 4. Ngf3 Bc5 5. Be2 Nc6 6. O-O O-O 7. c3 dxe4 8.
dxe4 a5 9. b3 e5 10. a3 Qe7 11. Bb2 Rd8 12. Qc2 Nh5 13. b4 Nf4 14. Nc4 Bd6 15.
Ne3 Be6 16. b5 Nb8 17. c4 Nd7 18. Nd5 Bxd5 19. cxd5 a4 20. g3 Nxe2+ 21. Qxe2
Nc5 22. Nd2 Rf8 23. Qc4 Qd7 24. f4 f6 25. f5 Ra5 26. b6 Rb5 27. Bc3 Rxb6 28.
Qe2 Nb3 29. Nc4 Bc5+ 30. Kg2 Ra6 31. Ra2 c6 32. Rd1 Nd4 33. Bxd4 exd4 34. Qf3
cxd5 35. exd5 b5 36. Nb2 Rd6 37. Nd3 Rxd5 38. g4 Re8 39. Nf4 Rde5 40. Ne6 Qd6
41. Qb7 R8xe6 42. fxe6 Qxe6 43. Qa8+ Kf7 44. Qb7+ Kg6 45. Rad2 Qxg4+ 46. Kh1
Qe4+ 47. Rg2+ Kh5 48. Qf7+ Kh4 49. Qxg7 Qf3 50. Qxh7+ Rh5 51. Qb1 Rf5 52. Rd3
Qf1+ 53. Rg1 Qf4 54. Qe1+ Qf2 55. Qe4+ Qf4 56. Qg2 1-0

[Event "LSV Turm Lippstadt 1 - Langenfelder SF "]
[Site "NRW-Klasse, Gruppe 1 2012/201"]
[Date "2012.10.21"]
[Round "2.5"]
[White "Vogelmann, Peter"]
[Black "Tran, Duc Cuong"]
[Result "1/2-1/2"]
[WhiteElo "2169"]
[BlackElo "2036"]
[PlyCount "35"]
[EventDate "2012.??.??"]
[WhiteTeam "Langenfelder SF 1"]
[BlackTeam "LSV Turm Lippstadt 1"]

1. e4 c5 2. Nf3 e6 3. c3 Nf6 4. e5 Nd5 5. d4 cxd4 6. cxd4 d6 7. Nc3 Nxc3 8.
bxc3 Qc7 9. Bd2 Nd7 10. exd6 Bxd6 11. Bd3 b6 12. O-O Bb7 13. Re1 O-O 14. h3 Bf4
15. Be4 Bxd2 16. Qxd2 Bxe4 17. Rxe4 Nf6 18. Ree1 1/2-1/2

[Event "LSV Turm Lippstadt 1 - Langenfelder SF "]
[Site "NRW-Klasse, Gruppe 1 2012/201"]
[Date "2012.10.21"]
[Round "2.6"]
[White "Roemhild, Marcus"]
[Black "Deppe, Arne"]
[Result "1-0"]
[WhiteElo "2012"]
[BlackElo "2113"]
[PlyCount "81"]
[EventDate "2012.??.??"]
[WhiteTeam "LSV Turm Lippstadt 1"]
[BlackTeam "Langenfelder SF 1"]

1. e4 e5 2. Nf3 Nc6 3. d4 exd4 4. Bc4 Nf6 5. e5 d5 6. Bb5 Ne4 7. Nxd4 Bd7 8.
Bxc6 bxc6 9. O-O Bc5 10. f3 Ng5 11. f4 Ne4 12. Be3 Bb6 13. c3 Qe7 14. Nd2 c5
15. Nc2 Bc6 16. Nxe4 dxe4 17. a4 Rd8 18. Qg4 a5 19. Qxg7 Rf8 20. f5 c4 21. Nd4
Rd5 22. Bh6 Rxe5 23. Qxf8+ Qxf8 24. Bxf8 Kxf8 25. g4 Rd5 26. Rfd1 Bd7 27. Kf1
c5 28. Nb5 Rd3 29. Ke2 h5 30. Rxd3 exd3+ 31. Kf3 hxg4+ 32. Kxg4 Kg7 33. Nd6 Bc7
34. Nxc4 Kf6 35. Ne3 Bxh2 36. b3 Be5 37. Re1 Bc6 38. Rd1 Be4 39. c4 Kg7 40. Nd5
Bd6 41. Nc3 1-0

[Event "LSV Turm Lippstadt 1 - Langenfelder SF "]
[Site "NRW-Klasse, Gruppe 1 2012/201"]
[Date "2012.10.21"]
[Round "2.7"]
[White "Weber, Franz-Josef"]
[Black "Grobbel, Rainer"]
[Result "1/2-1/2"]
[WhiteElo "1989"]
[BlackElo "2068"]
[PlyCount "64"]
[EventDate "2012.??.??"]
[WhiteTeam "Langenfelder SF 1"]
[BlackTeam "LSV Turm Lippstadt 1"]

1. e4 c5 2. Nf3 d6 3. d4 cxd4 4. Qxd4 Nc6 5. Bb5 Bd7 6. Bxc6 Bxc6 7. Nc3 e6 8.
Bg5 Qb6 9. Qxb6 axb6 10. O-O-O h6 11. Bf4 e5 12. Bg3 Nf6 13. Rhe1 Be7 14. a3
O-O 15. Nd2 b5 16. Nf1 Rfd8 17. f3 Nh5 18. Bf2 Bg5+ 19. Be3 Nf4 20. h4 Bf6 21.
Rd2 b4 22. axb4 d5 23. g3 d4 24. gxf4 exf4 25. Bxf4 dxc3 26. Rxd8+ Bxd8 27.
bxc3 Bxh4 28. Ng3 g5 29. Bd6 Rd8 30. Bc7 Rd7 31. Bb8 Rd8 32. Bc7 Rd7 1/2-1/2